Viveki roy ke upanyason mein gram-jeevan (Record no. 715493)

MARC details
000 -LEADER
fixed length control field 00759nam a2200253Ia 4500
003 - CONTROL NUMBER IDENTIFIER
control field OSt
005 - DATE AND TIME OF LATEST TRANSACTION
control field 20220928102640.0
008 - FIXED-LENGTH DATA ELEMENTS--GENERAL INFORMATION
fixed length control field 220927b |||||||| |||| 00| 0 hin d
037 ## - SOURCE OF ACQUISITION
Terms of availability Textual
040 ## - CATALOGING SOURCE
Original cataloging agency SDCL
Transcribing agency SDCL
Language of cataloging hin
041 ## - LANGUAGE CODE
Source of code hin
Language code of text/sound track or separate title hin
100 ## - MAIN ENTRY--PERSONAL NAME
Personal name Tiwari Chandrashekhar
9 (RLIN) 399623
245 #0 - TITLE STATEMENT
Title Viveki roy ke upanyason mein gram-jeevan
260 ## - PUBLICATION, DISTRIBUTION, ETC.
Place of publication, distribution, etc. Kanpur
Name of publisher, distributor, etc. Aashish Prakashan
Date of publication, distribution, etc. 2015
300 ## - PHYSICAL DESCRIPTION
Extent 17-395p
Dimensions cm.
650 ## - SUBJECT ADDED ENTRY--TOPICAL TERM
Topical term or geographic name entry element Hindi
9 (RLIN) 391598
942 ## - ADDED ENTRY ELEMENTS (KOHA)
Classification part O152,3N24x, Q5
Koha item type Textual
Source of classification or shelving scheme Colon Classification (CC)
Holdings
Withdrawn status Lost status Damaged status Not for loan Home library Current library Date acquired Source of acquisition Cost, normal purchase price Total Checkouts Full call number Barcode Date last seen Cost, replacement price Price effective from Koha item type
        South Campus Library South Campus Library 2022-09-28 407, 16/02/2016, Kiran Book Service 800.00   O152,3N24x Q5 SC1505293 2022-09-28 800.00 2022-09-28 Textual
Copyright @ Delhi University Library System